No Vowel Cartoon Network Shows Quiz Stats

 Plays Quiz not verified by Sporcle

Support Sporcle.
Go Orange.
Score 0/20 Timer 05:00
0 Plays Today
Clue Show % Correct
TH_ _M_Z_NG W_RLD _F G_MB_LLTHE AMAZING WORLD OF GUMBALL
89.1%
CH_WD_RCHOWDER
88.4%
ST_R W_RS: TH_ CL_N_ W_RSSTAR WARS: THE CLONE WARS
87.7%
_D, _DD N _DDYED, EDD N EDDY
86.2%
T__N T_T_NS G_!TEEN TITANS GO!
85.5%
C__R_G_ TH_ C_W_RDLY D_GCOURAGE THE COWARDLY DOG
84.8%
R_G_L_R SH_WREGULAR SHOW
79%
_DV_NT_R_ T_M_ADVENTURE TIME
77.5%
_NCL_ GR_NDP_UNCLE GRANDPA
76.1%
W_BB_TWABBIT
73.2%
Clue Show % Correct
CL_R_NC_CLARENCE
72.5%
F_ST_R'S H_M_ F_R _M_G_N_RY FR__NDSFOSTER'S HOME FOR IMAGINARY FRIENDS
72.5%
TH_ L__N_Y T_N_S SH_WTHE LOONEY TUNES SHOW
70.3%
TH_ M_RV_L__S M_S_DV_NT_R_S _F FL_PJ_CKTHE MARVELOUS MISADVENTURES OF FLAPJACK
70.3%
ST_V_N _N_V_RS_STEVEN UNIVERSE
68.1%
T_T_L DR_M_ _SL_NDTOTAL DRAMA ISLAND
65.2%
B_ C__L, SC__BY-D__!BE COOL, SCOOBY-DOO!
60.1%
W_ B_R_ B__RSWE BARE BEARS
58.7%
S_N_C B__MSONIC BOOM
58%
L_G_ N_NJ_G_: M_ST_RS _F SP_NJ_TZ_LEGO NINJAGO: MASTERS OF SPINJITZU
47.8%

You're not logged in!

Compare scores with friends on all Sporcle quizzes.
OR
Log In

From the Vault

Multiplication Logic Puzzle

by Ubbiebubbie

We hope you factor in the time constraints on this particular product.
Remove Ads.
Support Sporcle.
Get the best of Sporcle when you Go Orange. This ad-free experience offers more features, more stats, and more fun while also helping to support Sporcle. Thank you for becoming a member.

Show Comments

Extras

Top Quizzes Today


Score Distribution

Your Account Isn't Verified!

In order to create a playlist on Sporcle, you need to verify the email address you used during registration. Go to your Sporcle Settings to finish the process.

Report this User

Report this user for behavior that violates our Community Guidelines.

Details: